Slownik marketingu
Guardado en:
| Autor principal: | |
|---|---|
| Formato: | Libro |
| Lenguaje: | polaco |
| Publicado: |
Warszawa
Wydawnictwa Szkolne i Pedagogiczne
1993
|
| Colección: | Tajniki gospodarki rynkowej
|
| Materias: | |
| Etiquetas: |
Sin Etiquetas, Sea el primero en etiquetar este registro!
|
MARC
| LEADER | 00000nam a2200000 4500 | ||
|---|---|---|---|
| 001 | c120093 | ||
| 005 | 20221123112804.9 | ||
| 020 | |a 83-02-05154-3 | ||
| 041 | 0 | |a pol | |
| 044 | |a PL | ||
| 245 | 1 | 0 | |a Slownik marketingu |c Andrzej Wisniewski |
| 264 | 1 | |a Warszawa |b Wydawnictwa Szkolne i Pedagogiczne |c 1993 | |
| 300 | |a 54 s. | ||
| 490 | 1 | |a Tajniki gospodarki rynkowej | |
| 830 | 0 | |a Tajniki gospodarki rynkowej | |
| 610 | 2 | 0 | |a marketing |
| 610 | 2 | 0 | |a terminológia |
| 100 | 1 | |a Wisniewski, Andrzej | |